00241nam a2200109Ia 4500008004100000041000800041082001600049100000900065245001100074260003900085365000700124240624s9999 xx 000 0 und d aeng a891.43 KAL  aVAPU aMAANAS c2013aPunebMehta Publishing House cRS